Normal view
MARC view
- Prostitución
Entry Materia
001 - NÚMERO DE CONTROL DEL REGISTRO
- campo de control: 26890
003 - IDENTIFICADOR DE NUMERO DE CONTROL
- campo de control: UPN
005 - FECHA Y HORA DE LA ÚLTIMA TRANSACCIÓN
- campo de control: 20240924112448.0
008 - DATOS DE LONGITUD FIJA
- campo de control de longitud fija: 230227nn anznnbabn n ana |d
035 ## - NÚMERO DE CONTROL DEL SISTEMA
- Número de control del sistema: UPN10000026899
040 ## - FUENTE DE LA CATALOGACIÓN
- Lengua de catalogación: spa
- Centro catalogador de origen: MX-MxUPN
046 ## - FECHAS CON CODIFICACIÓN ESPECIAL
- Fecha final para contenidos agregados: 2023
150 ## - ENCABEZAMIENTO - TEMÁTICO
- Término de materia o nombre geográfico como elemento inicial: Prostitución
670 ## - FUENTE EN LA QUE SE LOCALIZARON DATOS
- Cita de la fuente: Escamilla Gonzalez, G. Lista de encabezamientos de materia, 1978 :
- Información localizada: página 696 (Prostitución)
902 ## - CATALOGADOR
- Catalogador: MITM/070598
- Catalogador: VíctorGodínez/270223
